| 000 | 00675nam a2200205 u 4500 | ||
|---|---|---|---|
| 005 | 20240228063635.0 | ||
| 008 | 100610s2006 r 000 0 eng d | ||
| 020 | _a9562941531 | ||
| 035 | _aUPN01000176448 | ||
| 049 | _aI | ||
| 050 | 4 |
_aPZ76.3 _bG3.36 |
|
| 100 | 1 |
_aGarcía-Valiño, Ignacio, _d1968- |
|
| 245 | 1 | 0 |
_aDonoso, el oso pringoso : _bcuentos del bosque / _cIgnacio García-Valiño ; il. de Daniel Riveras. |
| 260 |
_aSantiago de Chile : _bMare Nostrum, _c2006. |
||
| 300 |
_a91 p. : _bil. col. |
||
| 440 | 3 |
_aLa buena letra. _pLiteratura actual |
|
| 650 | 0 |
_aAnimales _vCuentos y leyendas _9234 |
|
| 650 | 4 |
_aLiteratura infantil española _95892 |
|
| 905 | _aLibro | ||
| 999 |
_c148551 _d148551 |
||